Zostava zahrňujúca dávkovací zásobník a jeho obsah. A 61K 7/16

Bibliographic Details
Main Author: Nabi, Nuran (Author)
Format: Book
Language:Undetermined
Published: Banská Bystrica Úrad priemyselného vlastníctva SR 2001

MARC

LEADER 00000nam a2200000 a 4500
001 vtls001415659
003 SK-MaSNL
005 20260302035152.0
008 240314sm y0 xo 0 und
035 |a SNK000370399 
040 |a SNK  |b slo  |c SNK  |e AACR2 
044 |a xo  |c SK 
100 1 |a Nabi, Nuran  |4 aut  |9 583261 
245 1 0 |a Zostava zahrňujúca dávkovací zásobník a jeho obsah. A 61K 7/16 
260 |a Banská Bystrica  |b Úrad priemyselného vlastníctva SR  |c 2001 
300 |a 11 s. 
999 |c 1069552  |d 1071482 
952 |t P60, <04>, [BOOK], {604}  |a SNK  |b SNK  |y VYP  |7 0  |p 17A0305470  |o snkSK 281207  |i snkPS 526/2001  |0 0  |1 0  |4 0  |d 2001-06-22  |l 0  |r 2005-01-02 00:00:00  |w 2026-02-24